000 01040nam a2200313Ia 4500
001 Z_2905
003 CHAP
008 220113s1993 xx 000 0 und d
010 _a165986
020 _a970-620-211-0
040 _cCHAP
082 _a636.20852078 M46
100 _aMendoza Martínez, Germán David
_974686
245 _aManual técnico de alimentación de bovinos en clima templado /
_cGermán David Mendoza Martínez y Raúl Ricalde Velazco
260 _aMéxico :
_bUAM. Unidad Xochimilco,
_c1993
300 _a97 p.
503 _aej.1: fotocopia \ ej.2: fotocopia
504 _aBibliografía: p. 83 - 91
650 _aGanado vacuno
_x
_x Mejoramiento de la especie
_x
_x Alimentación y alimentos
_x
_x Manuales
_9140012
650 _aGanado vacuno
_x
_x Nutrición
_9140013
700 _aRicalde Velazco, Raúl, coaut.
_9140014
710 _aUniversidad Autónoma Metropolitana. Unidad Xochimilco
901 _a636.20852078 M46
902 _aM
910 _a1993
942 _c1
942 _cc1
999 _c165986
_d165986